HOW TO INVEST WITHOUT LOSING SLEEP (Record no. 26194)

MARC details
000 -LEADER
fixed length control field 00349nam a2200133Ia 4500
008 - FIXED-LENGTH DATA ELEMENTS--GENERAL INFORMATION
fixed length control field 240624s9999 xx 000 0 und d
041 ## - LANGUAGE CODE
Language code of text/sound track or separate title eng
082 ## - DEWEY DECIMAL CLASSIFICATION NUMBER
Classification number 332.6 SUN
100 ## - MAIN ENTRY--PERSONAL NAME
Personal name SUNDARAM MEENAKSHI
245 ## - TITLE STATEMENT
Title HOW TO INVEST WITHOUT LOSING SLEEP
260 ## - PUBLICATION, DISTRIBUTION, ETC.
Date of publication, distribution, etc. 2014
Place of publication, distribution, etc. New Delhi
Name of publisher, distributor, etc. Tata McGraw-Hill
300 ## - PHYSICAL DESCRIPTION
Extent 229 : p. : cm. ; 24
365 ## - TRADE PRICE
Currency code RS
Price amount 33
Holdings
Withdrawn status Lost status Damaged status Not for loan Home library Current library Shelving location Date acquired Source of acquisition Cost, normal purchase price Total Checkouts Full call number Barcode Date last seen Date last checked out Copy number Price effective from Koha item type
        IMTN IMTN Rack 10-A 12/08/2015 VBC 400.00 1 332.6 SUN 26194 07/27/2024 07/08/2024 1 06/24/2024 Books
Designed & Maintained by: LRC IMT Nagpur Contact: lrc@imtnag.ac.in© 2024. All Rights Reserved.